Statistiques concernant Nommez ces personnes célèbres - Quiz d'images #10

Cliquez ici pour prendre le quiz!

Statistiques générales

  • Ce quiz a été pris 447 fois
  • Le résultat moyen est 7 sur 15

Statistiques - réponses

Réponse% Correct
Albert Einstein
98%
Anne Frank
89%
Pape Jean Paul II
75%
Francisco Franco
70%
Princesse Stephanie
54%
Romy Schneider
53%
Ayrton Senna
51%
Julio Iglesias
46%
Oscar Wilde
35%
Sophia Loren
30%
Léonid Brejnev
27%
Éleanor Roosevelt
25%
Emiliano Zapata
22%
Ilona Staller / Cicciolina
11%
Virginia Woolf
11%

Distribution des résultats

Percentile par nombre de réponses

% des personnes avec chaque résultat

Votre développement - résultats

Vous n’avez pas pris ce quiz